00821nam a2200217 i 4500001000300000100002000003245008000023260008100103300003600184504002600220610004200246610003200288610003000320651004200350020001500392040000800407041000800415080004100423008004100464856009800505bg1 aSAWICKA, Janina10aPolska w Unii Europejskiej :bwybrane polityki sektorowe /cJanina Sawicka. aWarszawa :bWydaw. SGGW [Szkoły Głównej Gospodarstwa Wiejskiego],c2004. a312 s. :brys., wykr. ;c24 cm. aBibliogr. s. 308-312.29aUnia Europejskaxa Polskaxgospodarka29aUnia Europejskaxgospodarka29aUnia Europejskaxpolityka 9aPolskaxa Unia Europejskaxgospodarka a8372445818 cBPK0 apol a338.22(438):339.923(4-67)]"1989/..." s pl f |000 0 pol  uhttp://koha.tu.koszalin.pl/cgi-bin/koha/opac-detail.pl?biblionumber=45775yKatalog online BPK